Úroveň produkcie kôz je v drobnochovoch vyššia, sortiment ovčích syrov sa žiada rozšíriť

Bibliographic Details
Main Author: Ochodnický, Dušan, 1939- (Author)
Format: Article
Language:Slovak
Subjects:

MARC

LEADER 00000nab a2200000 a 4500
001 vtls000738690
003 SK-MaSNL
005 20260303194705.0
008 180205c2000 xo 0 slo
015 |a SNBRB2000/11-27708 
035 |a CLN000090554 
040 |a SNKBUCL  |b slo  |c SNKBUCL  |e AACR2 
041 0 |a slo 
044 |a xo  |c SK 
080 |a 637.12'63.04  |2 UDC-MRF-SK2 
080 |a 637.12'639.04  |2 UDC-MRF-SK2 
080 |a 613.287  |2 UDC-MRF-SK2 
100 1 |a Ochodnický, Dušan,  |d 1939-  |4 aut  |9 99242 
245 1 0 |a Úroveň produkcie kôz je v drobnochovoch vyššia, sortiment ovčích syrov sa žiada rozšíriť  |c Dušan Ochodnický 
650 0 7 |a ovčie mlieko  |2 snkbucl  |9 71498 
650 0 7 |a kozie mlieko  |2 snkbucl  |9 104436 
655 7 |a články z novín a časopisov  |2 snkbucl  |9 267496 
773 0 |t Roľnícke noviny  |g Č. 200 (19.10.2000) 
773 0 |t [Príl.] Agrárne noviny  |g S. 5 
850 |a Slovenská národná knižnica v Martine 
852 |a SNK  |b KIS3GCP 
958 |a RBX 
999 |c 2158921  |d 2160851